Del vestit i de la seva conservació / per Rosa Sensat
Descripción Física:
31 p. ; 19 cm
Colección:
Minerva : Col·lecció popular dels coneixements indispensables
; 22
Materias:
Roba de vestir -- Conservació
MARC
| LEADER | 00000nam a2200000Ia 4500 | ||
|---|---|---|---|
| 001 | 1006 | ||
| 008 | 160829s9999 xx 000 0 cat d | ||
| 080 | |a O-1-91 | ||
| 100 | |a Sensat, Rosa, |d 1873-1961 |9 39086 | ||
| 245 | |a Del vestit i de la seva conservació / per Rosa Sensat | ||
| 260 | |a Barcelona : |b (Ricard Duràn i Alsina), [191- ?] | ||
| 300 | |a 31 p. ; |c 19 cm | ||
| 490 | |a Minerva : Col·lecció popular dels coneixements indispensables ; |v 22 | ||
| 590 | |a Enquadernada a continuació de 'Dret municipal vigent' / per Isidre Lloret. | ||
| 590 | |a Hi ha un duplicat a: DUP-198 | ||
| 650 | |a Roba de vestir |x Conservació |9 39087 | ||
| 856 | 4 | |u https://media.diba.cat/diba/fitxers/arxiu/Minerva-Coneixements/V22-Del-vestit.pdf |y Accés lliure | |
| 856 | |u http://media.diba.cat/diba/fitxers/arxiu/Minerva-Coneixements/V22-Del-vestit.pdf |z V22-Del-vestit.pdf | ||
| 901 | |a Arxiu | ||
| 942 | |n 1 | ||
| 952 | |0 0 |1 0 |4 0 |6 FU732 |7 1 |9 63798 |a Arxiu |b Arxiu |d 2022-09-06 |l 0 |o FU-73-2 |p 26722 |r 2022-09-06 00:00:00 |w 2022-09-06 |y ARXIU | ||
| 999 | |c 52624 |d 52624 | ||